000 00504nam a2200181Ia 4500
001 8161
005 20260306160548.0
008 260306t2017||||xx |||||||||||||| ||spa||
041 _aESP
082 _a370.115
_bC24
100 _aCambil Hernández, María de la Encarnación
_eAUT
245 0 _aEducación y patrimonio cultural:
_bfundamentos, contextos y estrategias didácticas
260 _c2017
300 _a305 páginas :
_c24 cm.
650 _aGEN
654 _aCED
942 _cLIB
_dJUS
_fJUS
_2ddc
_n
999 _c8161
_d8161